000 00802nam a2200241 a 4500
001 BRCA_648
005 20190320203108.0
008 051021s2006####u--a#####c---s001-0#eng-d
020 _a0977145328
040 _aIXA
_cIXA
_dBAKER
041 _aeng
044 _au
050 4 _aN514.B5
_b.B53 2006
245 1 0 _aBlanton Museum of Art
_bguide to the collection
_cmanaging editor Sheree Scarborough.
260 _a[Austin, Texas]
_bBlanton Museum of Art : The University of Texas at Austin
_c2006
300 _a256 p.
_bil. a color
_c26 cm.
500 _aIncluye índice de artistas
500 _a2do. ejemplar en el Área de Investigación
610 2 4 _aBlanton Museum of Art (Texas)
_vGuías
_92175
650 1 4 _aArte
_vCatálogos
_zTexas
_92176
700 1 _aScarborough, Sheree
_92177
942 _2lcc
_cB
999 _c564
_d564